Responses for Show #2414 - Thursday, February 16, 1995

1995 Teen Tournament final game 1.

Contestants

[<< previous game]

Deborah Sager, a senior from Reston, Virginia

Matt Zielenski, a junior from Broadview Heights, Ohio

Susannah Batko-Yovino, a junior from Altoona, Pennsylvania

[next game >>]

Jeopardy! Round responses

JAPAN
TV PERSONALITIES
THE 1970s
NUTRITION
SHAKESPEARE
COMMON BONDS
    $100 1
(Susannah: What is Mount Fiji?)
(Alex: Yes.)
[Voices from offstage.]
(Alex: No, sorry.)
---
(Alex: [looking offstage] I thought that's what Susannah said, but she did not.)

Mt. Fuji

SusannahMatt
    $100 9
Vanna White

Susannah
    $100 6
Earth Day

Matt
    $100 18
a fat

Matt
    $100 12
Romeo and Juliet

Susannah
    $100 26
berries

Deborah
    $200 2
Hiroshima

Susannah
    $200 10
Oprah

Matt
    $200 7
the Surgeon General

Matt
    $200 19
the yolk

Deborah
    $200 16
Cleopatra

Matt
    $200 27
shark

Susannah
    $300 3
sumo

Matt
    $300 11
Jason Alexander

Deborah
    $300 8
Haiti

Susannah
    $300 21
sugar

Susannah
    $300 20
Othello

Matt
    $300 28
letter

Susannah
    $400 4
Commodore Perry

Matt
    $400 13
Kelsey Grammer

Susannah
    $400 15
Bobby Fischer

Deborah
    $400 22
amino acids

Deborah
    $400 23
Hamlet

Susannah
    $400 29
needles

Deborah
    $500 5
the Diet

Susannah
    $500 14
Dean Cain

Susannah
    $1,000 17
Egypt and Israel

Matt
    $500 25
fiber

Susannah
    $500 24
(Deborah: What is "A Midsummer's Night Dream"?

A Midsummer Night's Dream

SusannahDeborah
    $500 30
brushes

Triple Stumper

Scores at the first commercial break (after clue 15):

Susannah Matt Deborah
$2,000 $1,300 $700

Scores at the end of the Jeopardy! Round:

Susannah Matt Deborah
$4,200 $2,900 $1,300

Double Jeopardy! Round responses

CONSTITUTIONAL AMENDMENTS
ART CLASS
MAMMALS
NOTORIOUS
ITALIAN SCIENCE
"G"EOGRAPHY
(Alex: Each correct response will begin with that letter of the alphabet.)
    $200 1
(Susannah: What is the fourth amendment?)

the fifth amendment

SusannahMatt
    $200 6
still life

Matt
    $200 23
a rhinoceros

Susannah
    $200 18
the OK Corral

Deborah
    $200 10
Mars

Matt
    $200 8
the Gobi

Matt
    $400 2
an income tax

Matt
    $400 7
finger-painting

Deborah
    $400 24
the aardvark

Susannah
    $400 19
Jack the Ripper

Susannah
    $400 12
Marconi

Susannah
    $400 14
Glasgow

Susannah
    $2,500 3
vote

Matt
    $600 9
watercolor

Susannah
    $600 25
Bengal tigers

Matt
    $600 26
James Earl Ray

Deborah
    $600 13
electricity

Deborah
    $600 15
the Great Barrier Reef

Susannah
    $800 4
the 20th

Deborah
    $800 11
pastels

Susannah
    $800 29
the rhesus monkey

Matt
    $800 27
(Alex: The notorious man's name was [*].)

Carlos

Triple Stumper
    $2,500 20
Galileo

Susannah
    $800 16
Guatemala

Deborah
    $1000 5
the 27th

Matt
    $1000 22
Art Deco

Matt
    $1000 30
the killer whale

Susannah
    $1000 28
John Dillinger

Matt
    $1000 21
Amedeo Avogadro

Triple Stumper
    $1000 17
(Susannah: What are the Great Banks?)

the Grand Banks

SusannahMatt

Scores at the end of the Double Jeopardy! Round:

Susannah Matt Deborah
$10,300 $12,000 $4,700

Final Jeopardy! Round responses

AMERICAN HISTORY
DeborahWhat is Wounded Knee?
$2,500
SusannahWhat is Wounded Knee?
$2,500
MattWhat is Wounded Knee
$12,000
Wounded Knee

Final scores:

Susannah Matt Deborah
$12,800 $24,000 $7,200

Game dynamics:

Coryat scores:

Susannah Matt Deborah
$8,600 $9,600 $4,700
23 R
(including 1 DD),
3 W
22 R
(including 2 DDs),
0 W
12 R,
1 W

Combined Coryat: $22,900

[game clues] [game scores] [suggest correction]

Game tape date: 1995-01-04
The J! Archive is created by fans, for fans. Scraping, republication, monetization, and malicious use prohibited; this site may use cookies and collect identifying information. See terms. The Jeopardy! game show and all elements thereof, including but not limited to copyright and trademark thereto, are the property of Jeopardy Productions, Inc. and are protected under law. This website is not affiliated with, sponsored by, or operated by Jeopardy Productions, Inc. Join the discussion at JBoard.tv.